000 00377nam a22001457a 4500
005 20251108171825.0
008 250721s1996 xx 000 0 ara d
082 1 4 _aط/750/خلي
100 1 _aالبدوي، خليل
245 1 0 _aألون /
264 1 _aعمان :
_bفاروق حسين نور،
_c1996.
650 1 7 _aالتلوين
942 _2ddc
_cBK
999 _c63515
_d63515